MLB All Time RBI's Leader - Statistics

General Stats
  • This quiz has been taken 52 times
  • The average score is 11 of 15
Answer Stats
Hint Answer % Correct
5.(1,996) Barry Bonds
100%
1.(2,297) Hank Aaron
100%
3.(2,213) Babe Ruth
95%
2.(2,218) Albert Pujols
86%
6.(1,995) Lou Gehrig
86%
11.(1,903) Willie Mays
86%
4.(2,086) Alex Rodriguez
84%
9.(1,922) Jimmie Foxx
72%
8.(1,938) Ty Cobb
70%
12.(1,881) Miguel Cabrera
65%
7.(1,951) Stan Musial
65%
15.(1,844) Carl Yastrzemski
60%
13.(1,879) Cap Anson
51%
14.(1,860) Mel Ott
49%
10.(1,917) Eddie Murray
47%
No matching quizzes found
Score Distribution
Percent of People with Each Score
Percentile by Number Answered
Your Score History
You have not taken this quiz